Colleges of Super Bowl Losing QBs - Statistics

General Stats
  • This quiz has been taken 75 times
    38 since last reset
  • The average score is 44 of 59
Answer Stats
Quarterbacks College % Correct
Jared Goff California
100%
Craig Morton California
100%
Craig Morton California
100%
Joe Kapp California
100%
Joe Burrow Louisiana State
100%
David Woodley Louisiana State
100%
Tom Brady Michigan
100%
Tom Brady Michigan
100%
Tom Brady Michigan
100%
Patrick Mahomes Texas Tech
100%
Patrick Mahomes Texas Tech
100%
Cam Newton Auburn
96%
Jim Kelly Miami (FL)
96%
Jim Kelly Miami (FL)
96%
Jim Kelly Miami (FL)
96%
Jim Kelly Miami (FL)
96%
Ben Roethlisberger Miami (OH)
96%
Jalen Hurts Oklahoma
96%
John Elway Stanford
96%
John Elway Stanford
96%
John Elway Stanford
96%
Peyton Manning Tennessee
96%
Peyton Manning Tennessee
96%
Russell Wilson Wisconsin
96%
Matt Ryan Boston College
88%
Matt Hasselbeck Boston College
88%
Brock Purdy Iowa State
88%
Rex Grossman Florida
81%
Roger Staubach Navy
81%
Roger Staubach Navy
81%
Dan Marino Pittsburgh
81%
Chris Chandler Washington
81%
Kurt Warner Northern Iowa
77%
Kurt Warner Northern Iowa
77%
Tony Eason Illinois
73%
Colin Kaepernick Nevada
73%
Drew Bledsoe Washington State
73%
Joe Theismann Notre Dame
69%
Daryle Lamonica Notre Dame
69%
Fran Tarkenton Georgia
65%
Fran Tarkenton Georgia
65%
Fran Tarkenton Georgia
65%
Brett Favre Southern Mississippi
65%
Donovan McNabb Syracuse
65%
Jimmy Garoppolo Eastern Illinois
58%
Billy Kilmer UCLA
58%
Bob Griese Purdue
54%
Len Dawson Purdue
54%
Steve McNair Alcorn State
50%
Kerry Collins Penn State
50%
Neil O'Donnell Maryland
42%
Boomer Esiason Maryland
42%
Vince Ferragamo Nebraska
38%
Earl Morrall Michigan State
35%
Rich Gannon Delaware
31%
Ken Anderson Augustana
15%
Stan Humphries Northeast Louisiana
15%
Jake Delhomme Southwestern Louisiana
15%
Ron Jaworski Youngstown State
15%
No matching quizzes found
Score Distribution
Percent of People with Each Score
Percentile by Number Answered
Your Score History
You have not taken this quiz since the last reset